| 000 | 00930nam a2200289 a 4500 | ||
|---|---|---|---|
| 999 |
_c610 _d610 |
||
| 001 | 2994607 | ||
| 003 | GZU | ||
| 005 | 20200908143242.0 | ||
| 008 | 930720s1992 rh b 000 0 eng | ||
| 010 | _a 92982117 | ||
| 020 | _a0797411038 | ||
| 040 |
_aDLC _cDLC |
||
| 043 | _af------ | ||
| 050 | 0 | 0 | _aDT 30.5 SHI 1992 |
| 082 | 0 | 0 |
_a320.96 _220 |
| 100 | 1 | _aShivji, Issa G. | |
| 245 | 1 | 0 |
_aFight my beloved continent : _bnew democracy in Africa / _cIssa G. Shivji. |
| 250 | _a2nd expanded ed. | ||
| 260 |
_aHarare : _bSAPES Books, _c1992. |
||
| 300 |
_a46 p. ; _c21 cm. |
||
| 504 | _aIncludes bibliographical references (p. 21-22). | ||
| 650 | 0 |
_aCommunism _zAfrica. |
|
| 651 | 0 |
_aAfrica _xPolitics and government _y1960- |
|
| 906 |
_a7 _bcbc _corignew _d3 _encip _f19 _gy-gencatlg |
||
| 942 |
_cBK _e2nd ed. _h30.5 _iSHI _kDT |
||